[Event "Challenge"]
[Site "http://www.queenalice.com/game.php?id=405050"]
[Date "2008.5.19"]
[Round "-"]
[White "ORNELAS"]
[Black "oaoj"]
[Result "1-0"]
[WhiteElo "1587"]
[BlackElo "1560"]

1. b3 Nc6 2. Bb2 e5 3. d3 Nf6 4. e4 g6 5. a3 Qe7 6. g3 d5 7. exd5 Nxd5 8. Qf3
Be6 9. Bg2 Rd8 10. c4 Nb6 11. Ne2 Bg7 12. O-O Bf5 13. Rd1 e4 14. Qe3 Bxb2 15.
Ra2 Rxd3 16. Qh6 Rxb3 17. Qg7 Bxg7 18. Rad2 Qc5 19. Nd4 Bxd4 20. Re2 e3 21. Kf1
Bxb1 22. Ree1 Qxc4+ 23. Kg1 Bc2 24. Bf1 Qd5 25. Bg2 Be4 26. Bxe4 Qxe4 27. Rf1
Nd5 28. h3 1-0

[Event "Challenge"]
[Site "http://www.queenalice.com/game.php?id=489042"]
[Date "2008.11.6"]
[Round "-"]
[White "Mazarine"]
[Black "oaoj"]
[Result "1-0"]
[WhiteElo "1851"]
[BlackElo "1563"]

1. d4 Nf6 2. Nf3 g6 3. g3 e6 4. Bg2 Nc6 5. Bg5 Bg7 6. c3 O-O 7. e4 Qe8 8. Bxf6
Bxf6 9. Nbd2 d5 10. e5 Bg7 11. O-O b6 12. Qc2 Bb7 13. Ne1 Rc8 14. f4 Ne7 15. c4
Nf5 16. Qd3 c5 17. cxd5 exd5 18. Bh3 c4 19. Qc3 f6 20. Nef3 fxe5 21. fxe5 Qc6
22. Bg2 Ra8 23. Rae1 a5 24. Ng5 Bh6 25. Ndf3 1-0

[Event "Challenge"]
[Site "http://www.queenalice.com/game.php?id=489044"]
[Date "2008.11.6"]
[Round "-"]
[White "oaoj"]
[Black "Mazarine"]
[Result "0-1"]
[WhiteElo "1563"]
[BlackElo "1846"]

1. Nf3 Nf6 2. g3 e6 3. Nc3 d5 4. Bg2 c6 5. d3 Nbd7 6. e4 d4 7. Nxd4 e5 8. Nf5
Nb6 9. Ne3 Be6 10. b3 Qc7 11. Bb2 Bd6 12. Ne2 Nbd7 13. c3 Be7 14. d4 Ng4 15. Bf3
Nxe3 16. fxe3 O-O-O 17. Qc2 Nf6 18. dxe5 Qxe5 19. c4 Bb4+ 20. Bc3 Bxc3+ 21. Nxc3
Bg4 22. O-O Rd7 23. Bxg4 Nxg4 24. Rae1 Rhd8 0-1

[Event "Challenge"]
[Site "http://www.queenalice.com/game.php?id=777353"]
[Date "2010.5.18"]
[Round "-"]
[White "oaoj"]
[Black "mpbl2005"]
[Result "1-0"]
[WhiteElo "1563"]
[BlackElo "1210"]

1. e3 e5 2. Nc3 Qf6 3. Nf3 Bc5 4. Nd5 Qd6 5. Nc3 Nf6 6. Be2 b6 7. d4 exd4 8.
exd4 Bb4 9. Bd2 c5 10. dxc5 bxc5 11. Nb5 Qc6 12. Bxb4 cxb4 13. Ne5 Qxb5 14. Bxb5
Ne4 15. Qf3 Bb7 16. O-O f5 17. Qxf5 Nf6 18. Rae1 g6 19. Nxg6+ Kf7 20. Nxh8+ Kg7
21. Re7+ Kxh8 22. Qxf6+ Kg8 23. Re8# 1-0

[Event "Challenge"]
[Site "http://www.queenalice.com/game.php?id=777354"]
[Date "2010.5.18"]
[Round "-"]
[White "oaoj"]
[Black "Mr_SPOCK"]
[Result "0-1"]
[WhiteElo "1565"]
[BlackElo "1539"]

1. Nf3 Nc6 2. e4 e5 3. g3 Bc5 4. Bg2 Nf6 5. Qe2 O-O 6. Nc3 Ng4 7. O-O Bxf2+ 8.
Rxf2 Nxf2 9. Qxf2 d6 10. d4 exd4 11. Nxd4 Ne5 12. Qf4 Ng4 13. Nf5 Bxf5 14. Qxf5
Nf6 15. Bg5 Re8 16. Rd1 c6 17. Be3 d5 18. Bd4 c5 19. Bxc5 Qa5 20. Bd4 Re6 21.
exd5 g6 22. Qg5 Rae8 23. Bxf6 Re2 24. Nxe2 Qc5+ 0-1

[Event "Challenge"]
[Site "http://www.queenalice.com/game.php?id=779738"]
[Date "2010.5.23"]
[Round "-"]
[White "oaoj"]
[Black "ajr"]
[Result "1-0"]
[WhiteElo "1520"]
[BlackElo "1688"]

1. Nf3 Nf6 2. Nc3 Nc6 3. g3 d5 4. e3 Bg4 5. Be2 Bxf3 6. Bxf3 e6 7. Qe2 a6 8. d3
Bb4 9. a3 Bxc3+ 10. bxc3 O-O 11. Bb2 b5 12. Rd1 Ne5 13. e4 c6 14. exd5 Nxf3+ 15.
Qxf3 Qxd5 16. Qxd5 Nxd5 17. O-O Nb6 18. Rfe1 Na4 19. Ba1 c5 20. Re4 Rfd8 21. c4
Nb6 22. Rg4 g6 23. h4 h5 24. Rf4 bxc4 25. g4 hxg4 26. Rxg4 cxd3 27. cxd3 c4 28.
d4 Rac8 29. Rc1 Kh7 30. Kg2 f5 31. Rf4 Kh6 32. Kg3 Nd5 33. Rf3 Kh5 34. Kh3 Nf6
35. Rc2 Rd5 36. Bb2 a5 37. a4 Rd6 38. Rd2 c3 39. Bxc3 Rxc3 40. Rxc3 Rd8 41. Rc6
Ne4 42. Re2 Rxd4 43. f3 Rd3 44. Rxe6 Rxf3+ 45. Kg2 Rg3+ 46. Kf1 Kxh4 47. Rh2+
Kg5 48. Re5 Rf3+ 49. Ke2 Kg4 50. Rxa5 Kg3 51. Rh1 Kg2 52. Rc1 Ng3+ 53. Kd2 Nf1+
54. Kc2 g5 55. Rb5 g4 56. a5 g3 57. a6 Ne3+ 58. Kd2 Kf2 59. a7 g2 60. a8=Q Nf1+
61. Kc2 Re3 62. Rxf5+ Rf3 63. Qxf3+ 1-0

[Event "Challenge"]
[Site "http://www.queenalice.com/game.php?id=779799"]
[Date "2010.5.23"]
[Round "-"]
[White "oaoj"]
[Black "cobra17"]
[Result "0-1"]
[WhiteElo "1504"]
[BlackElo "1573"]

1. Nc3 e5 2. g3 Qg5 3. Bg2 Bb4 4. Nf3 Qf5 5. Nd5 Bd6 6. d3 c6 7. Nc3 Bb4 8. O-O
Bxc3 9. bxc3 Na6 10. d4 e4 11. Ng5 f6 12. Nxe4 Qe6 13. Qd3 f5 14. Ng5 Qf6 15. e4
h6 16. Nh3 g5 17. Re1 d6 18. exf5+ Ne7 19. Ba3 Bxf5 20. Qd1 O-O 21. Rc1 Rad8 22.
Qh5 Kg7 23. Qe2 Rde8 24. Qc4 d5 25. Qb3 b5 26. f3 Rf7 27. Bb2 Nc7 28. a4 bxa4
29. Qxa4 a6 30. Qa2 Rb8 31. Ba1 Rb6 32. Qa5 Rb5 33. Qxc7 a5 34. c4 dxc4 35. d5
c3 36. f4 Qd4+ 37. Nf2 Nxd5 38. Qxc6 Rc5 39. Qe8 gxf4 40. Rcd1 Qc4 41. Nd3 Bxd3
42. cxd3 Qd4+ 43. Kh1 fxg3 44. hxg3 Nf6 45. Qe2 Rh5+ 46. Bh3 Rxh3+ 47. Kg2 Rh5
48. Rc1 Qd5+ 49. Qf3 Rh2+ 50. Kxh2 Qxf3 51. Bxc3 Qh5+ 52. Kg2 Kg6 53. Re5 Qg4
54. Bxa5 Nh5 55. Re3 Nf4+ 56. Kh2 Qh3+ 0-1

[Event "oirelaw"]
[Site "http://www.queenalice.com/game.php?id=779903"]
[Date "2010.5.24"]
[Round "-"]
[White "oaoj"]
[Black "oirelaw"]
[Result "0-1"]
[WhiteElo "1520"]
[BlackElo "1882"]

1. Nf3 d5 2. e3 e6 3. g3 c6 4. Bg2 Be7 5. Qe2 Nf6 6. Nc3 Rf8 7. d3 Bd7 8. Ne5
Na6 9. e4 d4 10. Na4 Qa5+ 11. Bd2 Qxe5 12. O-O g5 13. b3 Bb4 14. Rac1 Bxd2 15.
Qxd2 h5 16. c3 c5 17. b4 Bxa4 18. cxd4 cxd4 19. a3 h4 20. Rc4 hxg3 21. fxg3 Ke7
22. Rfc1 b6 23. Qf2 Rad8 24. Qb2 Bb5 25. R4c2 Bxd3 26. Rd2 Bxe4 27. Re1 Rd5 28.
Bf1 Nb8 29. Bc4 d3 30. Bxd5 Qxb2 31. Rxb2 Bxd5 32. Rd2 Bc4 33. Kg2 a6 34. a4
Nbd7 35. Re5 Nxe5 36. Rxd3 Bxd3 0-1

[Event "Rematch"]
[Site "http://www.queenalice.com/game.php?id=788775"]
[Date "2010.6.12"]
[Round "-"]
[White "oaoj"]
[Black "Mr_SPOCK"]
[Result "1-0"]
[WhiteElo "1543"]
[BlackElo "1537"]

1. e3 e5 2. Nf3 e4 3. Nd4 Bc5 4. Nb5 Nf6 5. d3 O-O 6. dxe4 Nxe4 7. Qd5 Qh4 8. g3
Qf6 9. Qxe4 c6 10. Nc7 Na6 11. Nxa8 d5 12. Qd3 Bf5 13. Qb3 Rxa8 14. Qxb7 Nc7 15.
Qxc7 Bb6 16. Qb7 Rf8 17. Qa6 Bxc2 18. Nd2 d4 19. Nc4 dxe3 20. Bxe3 Re8 21. Rc1
Bg6 22. b3 Bh5 23. Bg2 Bf3 24. O-O Bxg2 25. Kxg2 c5 26. Nxb6 axb6 27. f3 h5 28.
Rcd1 Qg6 29. Qb7 h4 30. Rd7 h3+ 31. Kf2 Qc2+ 32. Rd2 Qc3 33. Re1 f5 34. Qd5+ Kh7
35. Qxf5+ g6 36. Qxh3+ Kg7 37. Bh6+ Kf7 38. Rd7+ Re7 39. Qe6+ Ke8 40. Qxe7# 1-0

[Event "Challenge"]
[Site "http://www.queenalice.com/game.php?id=788777"]
[Date "2010.6.12"]
[Round "-"]
[White "Mr_SPOCK"]
[Black "oaoj"]
[Result "1-0"]
[WhiteElo "1545"]
[BlackElo "1536"]

1. e4 e6 2. e5 d6 3. Nf3 Nc6 4. exd6 Bxd6 5. Be2 e5 6. O-O Nf6 7. d4 Qe7 8. Bg5
exd4 9. Re1 O-O 10. Bd3 Qd7 11. Bxf6 gxf6 12. Nh4 Ne5 13. Bxh7+ Kxh7 14. Qh5+
1-0

[Event "Challenge"]
[Site "http://www.queenalice.com/game.php?id=789533"]
[Date "2010.6.14"]
[Round "-"]
[White "cass"]
[Black "oaoj"]
[Result "1-0"]
[WhiteElo "1642"]
[BlackElo "1548"]

1. e4 Nc6 2. Nc3 e6 3. d4 d5 4. Nf3 Bb4 5. Bd2 Qe7 6. Be2 Bd6 7. exd5 exd5 8.
Nxd5 Qe4 9. c4 Nxd4 10. Nc3 Nxf3+ 11. gxf3 Qe7 12. Rg1 g6 13. Nd5 Qe5 14. Nxc7+
1-0

[Event "Challenge"]
[Site "http://www.queenalice.com/game.php?id=795351"]
[Date "2010.6.26"]
[Round "-"]
[White "danielgarciasilva"]
[Black "oaoj"]
[Result "1-0"]
[WhiteElo "1570"]
[BlackElo "1548"]

1. e4 e6 2. Nf3 Be7 3. Bc4 Nf6 4. d3 Nc6 5. c3 d5 6. exd5 exd5 7. Bb3 Bg4 8. Be3
d4 9. cxd4 Bb4+ 10. Nc3 Qe7 11. O-O O-O-O 12. h3 Bh5 13. a3 1-0

[Event "Challenge"]
[Site "http://www.queenalice.com/game.php?id=795352"]
[Date "2010.6.26"]
[Round "-"]
[White "oaoj"]
[Black "danielgarciasilva"]
[Result "0-1"]
[WhiteElo "1518"]
[BlackElo "1572"]

1. d3 e5 2. Bd2 Bc5 3. Nf3 d6 4. e3 Nc6 5. g3 Nf6 6. d4 exd4 7. Nxd4 Bxd4 8.
exd4 Nxd4 9. Be3 Nc6 10. Nc3 a6 11. Bd3 Bg4 12. Qc1 d5 13. Bf4 h6 14. Qe3+ Be6
15. Qf3 O-O 16. b3 d4 17. Ne4 Re8 0-1

[Event "Desafio26_06"]
[Site "http://www.queenalice.com/game.php?id=795367"]
[Date "2010.6.26"]
[Round "-"]
[White "Didiodpc"]
[Black "oaoj"]
[Result "1-0"]
[WhiteElo "1560"]
[BlackElo "1533"]

1. e4 Nc6 2. d3 e6 3. a3 Be7 4. Nf3 d5 5. e5 f6 6. exf6 Nxf6 7. Nc3 Bd7 8. Be2
b6 9. Bf4 Nh5 10. Be5 Rf8 11. d4 Bf6 12. Qd3 g6 13. O-O Nxe5 14. dxe5 Bg7 15.
Qd2 Bc6 16. Ng5 1-0

[Event "Tempo Maior"]
[Site "http://www.queenalice.com/game.php?id=796659"]
[Date "2010.6.29"]
[Round "-"]
[White "Mr_SPOCK"]
[Black "oaoj"]
[Result "1-0"]
[WhiteElo "1628"]
[BlackElo "1561"]

1. e4 Nf6 2. e5 Ne4 3. d4 e6 4. Nf3 Be7 5. Bd3 Ng5 6. Nxg5 Bxg5 7. O-O Be7 8.
Qg4 g6 9. Qh3 d6 10. exd6 cxd6 11. d5 exd5 12. Qh6 Bf8 13. Re1+ Be6 14. Qe3 Bg7
15. c3 O-O 16. Nd2 Nc6 17. Nf3 Ne5 18. Ng5 Ng4 19. Qh3 Qf6 20. Qxh7# 1-0

[Event "Challenge"]
[Site "http://www.queenalice.com/game.php?id=1065356"]
[Date "2012.5.29"]
[Round "-"]
[White "oaoj"]
[Black "JOROVAS"]
[Result "1-0"]
[WhiteElo "1491"]
[BlackElo "1669"]

1. e3 e5 2. g3 d6 3. Bg2 d5 4. Ne2 Bg4 5. Nbc3 c6 6. b3 Bxe2 7. Qxe2 e4 8. d3
Bb4 9. Bb2 f5 10. O-O Qf6 11. Na4 Qe7 12. dxe4 dxe4 13. Rad1 b5 14. Nc3 Nf6 15.
f3 Nbd7 16. fxe4 fxe4 17. Nb1 Ne5 18. c3 Bd6 19. Nd2 Qe6 20. Nxe4 Nxe4 21. Bxe4
O-O-O 22. Bf5 Qxf5 23. Rxf5 g6 24. Rf2 h5 25. c4 b4 26. c5 Bxc5 27. Qa6+ Kb8 28.
Bxe5+ Bd6 29. Bxd6+ Rxd6 30. Rxd6 Rc8 31. Rf7 1-0

[Event "Challenge"]
[Site "http://www.queenalice.com/game.php?id=1065547"]
[Date "2012.5.29"]
[Round "-"]
[White "oaoj"]
[Black "eduardofelix"]
[Result "0-1"]
[WhiteElo "1514"]
[BlackElo "1854"]

1. e3 d5 2. Nf3 h6 3. g3 Nf6 4. Bg2 e6 5. c3 Bd7 6. Qe2 a6 7. b3 c5 8. c4 Be7 9.
Bb2 b5 10. cxd5 Nxd5 11. Ne5 O-O 12. Nc3 Bc6 13. Rc1 Nxc3 14. Qf1 Nxa2 0-1